|
|
|
|
| LEADER |
00000nam a2200000 a 4500 |
| 001 |
UCP3611 |
| 003 |
CL-VaPUC |
| 008 |
990625e19570000AG |||||||||||||||||spa|d |
| 082 |
0 |
4 |
|a Ar863
|b SAR
|2 21
|
| 100 |
|
|
|a Sarmiento, Domingo Faustino
|e author
|9 311947
|
| 245 |
1 |
0 |
|a Facundo
|
| 300 |
|
|
|a 349 p
|
| 942 |
|
|
|c BK
|
| 945 |
|
|
|d 19990625 00:00:00
|a lriquelm
|
| 260 |
|
|
|a Buenos Aires
|b Torada
|c 1957
|
| 650 |
|
0 |
|a Novelas argentinas
|9 267871
|
| 650 |
|
0 |
|a Literatura argentina
|9 320596
|
| 583 |
|
|
|a last modification
|c 19990625 00:00:00
|k Rodrigo Vera
|
| 999 |
|
|
|c 281876
|d 281874
|
| 952 |
|
|
|0 0
|1 0
|4 0
|6 AR_863_000000000000000_SAR_1957
|7 0
|8 A
|9 322929
|a BIBHIS
|b BIBHIS
|d 2019-11-20
|i 1362658
|o Ar863 SAR 1957
|p 1362658
|r 2025-01-20
|w 2019-11-20
|y BK
|k HIS
|